|
|
|
|
| LEADER |
00776nta a2200193 i 4500 |
| 001 |
dipl142539 |
| 005 |
20250331153208.0 |
| 008 |
241211s2023 hu om 000 hun d |
| 040 |
|
|
|a SZTE Diploma Repozitórium
|b hun
|
| 041 |
|
|
|a hun
|
| 100 |
1 |
|
|a Bán Renáta
|
| 245 |
1 |
0 |
|a Állateledelek összetételének vizsgálata, elemzése, a macskaeledelekre koncentrálva
|h [elektronikus dokumentum] /
|c Renáta Bán
|
| 246 |
1 |
0 |
|a Compositional analysis of pet food concentrating on cat food.
|h [elektronikus dokumentum]
|
| 260 |
|
|
|c 2023
|
| 650 |
|
4 |
|a Mérnöki tudományok
|
| 650 |
|
4 |
|a Engineering and technology
|
| 650 |
|
4 |
|a Chemical engineering
|
| 700 |
0 |
1 |
|a Németh József Lukács
|e ths
|
| 856 |
4 |
0 |
|u https://diploma.bibl.u-szeged.hu/id/eprint/142539/1/2023_ban_renata.pdf
|z Dokumentum-elérés
|